[Event "AZE-ch"]
[Site "Baku"]
[Date "2008.01.25"]
[Round "6"]
[White "Durarbayli, Vasif"]
[Black "Ahmadov, Fariz"]
[Result "1-0"]
[WhiteElo "2392"]
[BlackElo "2246"]
[PlyCount "105"]
[EventDate "2008.01.19"]
[EventType "tourn"]
[EventRounds "9"]
[EventCountry "AZE"]
[EventCategory "9"]
[SourceTitle "CBM 122 Extra"]
[Source "ChessBase"]
[SourceDate "2008.03.04"]
[SourceVersion "1"]
[SourceVersionDate "2008.03.04"]
[SourceQuality "1"]

1. e4 e6 2. d4 d5 3. Nd2 dxe4 4. Nxe4 Nd7 5. Nf3 Ngf6 6. Bg5 Be7 7. Nxf6+ Bxf6 8. h4 0-0 9. Bd3 c5 10. Qe2 cxd4 11. Qe4 g6 12. Bxf6 Nxf6 13. Qe5 Ng4 14. Qxd4 Qxd4 15. Nxd4 e5 16. Nb3 Nf6 17. 0-0-0 Be6 18. Rhe1 Bxb3 19. axb3 Rfe8 20. f3 h5 21. Bc4 Re7 22. b4 Kg7 23. Bb3 a5 24. b5 a4 25. Bc4 Rc8 26. Bd3 Rc5 27. Kb1 Nd5 28. Be4 Nb6 29. Bd3 Nd5 30. Be4 Nc7 31. Bxb7 Nxb5 32. Bd5 f5 33. Rd3 Kf6 34. Ba2 e4 35. Rd8 a3 36. Bb3 axb2 37. Kxb2 Rce5 38. f4 Rc5 39. Red1 e3 40. Rf8+ Kg7 41. Rg8+ Kh6 42. Rh8+ Rh7 43. Re8 Nc3 44. Rd3 Ne4 45. Rxe3 Rd7 46. Rd3 Rcc7 47. Re5 Kg7 48. Rxd7+ Rxd7 49. Bd5 Nf6 50. c4 Nxd5 51. Rxd5 Ra7 52. Rd3 Kf6 53. Re3 1-0

[Event "AZE-ch"]
[Site "Baku"]
[Date "2008.01.23"]
[Round "4"]
[White "Ahmadov, Fariz"]
[Black "Mamedov, Rauf"]
[Result "0-1"]
[WhiteElo "2246"]
[BlackElo "2583"]
[PlyCount "66"]
[EventDate "2008.01.19"]
[EventType "tourn"]
[EventRounds "9"]
[EventCountry "AZE"]
[EventCategory "9"]
[SourceTitle "CBM 122 Extra"]
[Source "ChessBase"]
[SourceDate "2008.03.04"]
[SourceVersion "1"]
[SourceVersionDate "2008.03.04"]
[SourceQuality "1"]

1. d4 d6 2. c4 e5 3. dxe5 dxe5 4. Qxd8+ Kxd8 5. Nc3 Be6 6. b3 c6 7. Bb2 Nd7 8. Nf3 f6 9. g3 Kc7 10. Bg2 Bb4 11. 0-0-0 a5 12. Nd2 Nh6 13. Nde4 Nf7 14. h4 h6 15. Kb1 Rhd8 16. f4 Re8 17. Ka1 Bf5 18. Rhf1 exf4 19. gxf4 a4 20. Ng3 Bc2 21. Rxd7+ Kxd7 22. Nxa4 Kc7 23. Rc1 Re3 24. Bf3 Bxb3 25. axb3 Rxb3 26. Kb1 Rxa4 27. Kc2 Rxb2+ 28. Kxb2 Ba3+ 29. Kb3 Bxc1 30. Kxa4 Bxf4 31. Ne4 Be3 32. c5 Ne5 33. h5 Nd7 0-1

[Event "Baku President's Cup 2nd"]
[Site "Baku"]
[Date "2007.05.09"]
[Round "7"]
[White "Allajov, Ramil"]
[Black "Ahmadov, Fariz"]
[Result "1-0"]
[WhiteElo "2093"]
[BlackElo "2265"]
[PlyCount "91"]
[EventDate "2007.05.03"]
[EventType "swiss"]
[EventRounds "9"]
[EventCountry "AZE"]
[SourceTitle "CBM 118 Extra"]
[Source "ChessBase"]
[SourceDate "2007.07.04"]
[SourceVersion "1"]
[SourceVersionDate "2007.07.04"]
[SourceQuality "1"]

1. e4 b6 2. d4 Bb7 3. Nc3 e6 4. Nf3 Bb4 5. Bd3 c5 6. dxc5 Bxc3+ 7. bxc3 bxc5 8. 0-0 Qc7 9. Qe2 e5 10. Rb1 Bc6 11. Nh4 Ne7 12. Nf5 Nxf5 13. exf5 d6 14. f4 Nd7 15. fxe5 dxe5 16. Bg5 f6 17. Qh5+ Ke7 18. Bc4 Raf8 19. Be3 Qa5 20. Qg4 Qxc3 21. Bxc5+ Kd8 22. Bxf8 Rxf8 23. Rfd1 Kc7 24. Be6 g5 25. fxg6 f5 26. Bxf5 Nf6 27. Qe2 hxg6 28. Bh3 Qc5+ 29. Qf2 Qxf2+ 30. Kxf2 g5 31. Be6 Nh5+ 32. Kg1 Nf4 33. Bg4 Nxg2 34. Rf1 Nf4 35. Rfe1 e4 36. Rb3 Ng6 37. Rg3 Ne5 38. Be2 Rf5 39. Ra3 Nf3+ 40. Bxf3 exf3 41. Kf2 Rc5 42. Rc1 g4 43. Rxa7+ Kb6 44. Rg7 Rh5 45. Rxg4 Rxh2+ 46. Ke3 1-0

[Event "Baku President's Cup 2nd"]
[Site "Baku"]
[Date "2007.05.04"]
[Round "2"]
[White "Ahmadov, Fariz"]
[Black "Savchenko, Stanislav"]
[Result "1/2-1/2"]
[WhiteElo "2265"]
[BlackElo "2545"]
[PlyCount "56"]
[EventDate "2007.05.03"]
[EventType "swiss"]
[EventRounds "9"]
[EventCountry "AZE"]
[SourceTitle "CBM 118 Extra"]
[Source "ChessBase"]
[SourceDate "2007.07.04"]
[SourceVersion "1"]
[SourceVersionDate "2007.07.04"]
[SourceQuality "1"]

1. d4 d5 2. Nf3 Nf6 3. Bf4 c5 4. e3 Nc6 5. c3 Bg4 6. Nbd2 e6 7. Qa4 Nd7 8. Bb5 Qb6 9. Ne5 Ndxe5 10. Bxe5 a6 11. Bxc6+ Qxc6 12. Qxc6+ bxc6 13. dxc5 f6 14. Bd6 Bxd6 15. cxd6 Kd7 16. b4 a5 17. Nb3 axb4 18. cxb4 Ra3 19. 0-0 Rha8 20. Rfc1 Rxa2 21. Rxa2 Rxa2 22. f3 Bh5 23. Na5 e5 24. Nxc6 Kxd6 25. Na5 Bg6 26. Nb7+ Kd7 27. Nc5+ Kd6 28. Nb7+ Kd7 1/2-1/2

[Event "Baku President's Cup 1st"]
[Site "Baku"]
[Date "2006.05.09"]
[Round "6"]
[White "Mamedyarov, Shakhriyar"]
[Black "Ahmadov, Fariz"]
[Result "1-0"]
[WhiteElo "2699"]
[BlackElo "2211"]
[PlyCount "94"]
[EventDate "2006.05.03"]
[EventType "swiss"]
[EventRounds "9"]
[EventCountry "AZE"]
[SourceTitle "CBM 112 Extra"]
[Source "ChessBase"]
[SourceDate "2006.07.14"]
[SourceVersion "1"]
[SourceVersionDate "2006.07.14"]
[SourceQuality "1"]

1. d4 g6 2. Nf3 Bg7 3. g3 Nf6 4. Bg2 0-0 5. c4 d6 6. 0-0 Nc6 7. Nc3 e5 8. d5 Ne7 9. e4 b6 10. Ne1 Nd7 11. Nd3 f5 12. f4 exf4 13. Bxf4 Nc5 14. Nxc5 bxc5 15. Qd2 Rb8 16. b3 fxe4 17. Rae1 e3 18. Bxe3 Rxf1+ 19. Rxf1 Nf5 20. Bf2 Nd4 21. Kh1 a6 22. Ne4 Bf5 23. Ng5 Bh6 24. h4 Qf6 25. Bxd4 Qxd4 26. Qa5 Bxg5 27. hxg5 Re8 28. Qxc7 Qe5 29. Kh2 Re7 30. Qb6 Kg7 31. Qxa6 Re8 32. Qa5 h6 33. gxh6+ Kxh6 34. Qd2+ Kg7 35. Qf2 Ra8 36. Rd1 Rf8 37. Re1 Qd4 38. Qxd4+ cxd4 39. Rd1 Ra8 40. Rxd4 Rxa2 41. g4 Bc2 42. b4 Ra4 43. b5 Kf6 44. b6 Ke5 45. Rd2 Bb3 46. c5 dxc5 47. d6 Be6 1-0